000 00629nam a22001937a 4500
005 20251108173632.0
008 250721s2005 xx 000 0 ara d
082 1 4 _aم/218.712/صلا
100 1 _aالسنوسي، محمد بن علي
245 1 0 _aالثمار الزكية للحركة السنوسية في ليبية /
264 1 _aدمشق :
_bدار التربية،
_c2005.
300 _a2ج.
650 1 7 _aالاسلام
650 1 7 _aالحركات الأسلامية السنوسية
650 1 7 _aتاريخ لبيا
700 1 _aالصلابي، علي محمد
942 _2ddc
_cREF
999 _c108657
_d108657